Cities/Towns in Lapland, Finland - Statistics

General Stats
  • This quiz has been taken 53 times
  • The average score is 12 of 20
Answer Stats
Population Answer % Correct
65 286 Rovaniemi
100%
19 371 Kemi
82%
8 126 Sodankylä
78%
21 018 Tornio
78%
6 822 Kittilä
71%
3 034 Ivalo
67%
3 344 Salla
67%
7 030 Kemijärvi
63%
1 139 Utsjoki
63%
2 325 Muonio
61%
1 771 Enontekiö
57%
3 765 Ylitornio
55%
3 253 Pello
53%
4 011 Kolari
51%
3 599 Ranua
45%
978 Savukoski
45%
7 691 Keminmaa
39%
2 828 Simo
39%
2 831 Tervola
39%
2 923 Posio
37%
No matching quizzes found
Score Distribution
Percent of People with Each Score
Percentile by Number Answered
Your Score History
You have not taken this quiz